000 00700nam a2200265Ia 4500
003 OSt
005 20221005043207.0
006 a|||||r|||| 00| 0
007 ta
008 221004b |||||||| |||| 00| 0 eng d
020 _a014044165
024 _a46315
037 _cTextual
040 _aCRL
_cCRL
_beng
041 _2eng
_aeng
082 _aO142,3M21,BK, 111M5
100 _aDostoyevsky Fyodor
245 0 _aBrothers Karamazov
260 _aEngland
_bPenguin Books
_c1985
300 _a913p.
_ccm.
650 _a ENGLISH LITERATURE
650 _aRUSSIAN FICTION
942 _hO142,3M21,BK, 111M5
_cTEXL
_2cc
999 _c951510
_d951510